00519nam a2200169Ia 4500003000400000005001700004008004100021040000700062041001200069082001600081100007600097245009100173260004300264300001200307365001000319650002000329OSt20251205125559.0210719s1974 xx 000 0 und d cAL aKannada aK894.3 PADK aPADMANABHA SOMAYAJIdಪದ್ಮನಾಭ ಸೋಮಯಾಜಿ  aKannada kogile Muddana.bಕನ್ನಡ ಕೋಗಿಲೆ ಮುದ್ದಣ.  aSuratkal.bNavodaya Prakashana.,c1974 a128bPB b4cRs aKannada Fiction